00489nam a2200169Ia 4500003000400000008004100004040001600045082001300061100001800074245007800092260004700170300000900217490003000226650002600256650001600282650002100298GCL140319s9999 xx 000 0 eng d aGCL / cGCL04a410bG L1 aGAMAL SAAD M.10aLINGUISTICS AND POETICS: AN ESSAY IN LITERARY CRITICISM / cGAMAL SAAD M. a[S.N] : bBEIRUT ARAB UNIVERSITY ، c1977 a73 P aBEIRUT ARAB UNIVERSITYv004aHISTORY AND CRITICISM04aLINGUISTICS04aENGLISH LANGUAGE